000 00888cab a2200253 4500
001 WB3415-21
008 090401t1998 xxu||||| |||| 00| 0 eng d
035 _a(Sirsi) u85786
041 _aeng
245 _aNew Forest set to become National Park
260 _c1998
350 _a0
490 _aIndependent
_v23 April 1998, 9, 24 April 1998, 7
490 _aTimes
_v24 April 1998, 13(3)
520 _aThe Countryside Commission announced that the New Forest is to become a National Park but the status was not to be conferred on the South Downs. The Commission voted that the Downs should be an Area of Outstanding Natural Beauty instead.
650 _aAREA OF OUTSTANDING NATURAL BEAUTY
650 _aCOUNTRYSIDE COMMISSION
650 _aNATIONAL PARKS
650 _aNEW FOREST
650 _aSOUTH DOWNS
690 _aCONSERVATION
942 _n0
948 _c24/04/1998
999 _c53959
_d53959